000 00341nam a2200133Ia 4500
003 OSt
008 200923b ||||| |||| 00| 0 eng d
100 _aPatel, R.B. & Nath, Prem
245 _aTheory of automata and formal languages
250 _a2nd
_b2007
260 _aNew Delhi
_bUmesh Publications
300 _a545 Pages
942 _2ddc
_cBK
999 _c4606
_d4606